Training modues on conservation agriculture
Enregistré dans:
| Collectivité auteur: | |
|---|---|
| Format: | Livre |
| Langue: | Undetermined |
| Publié: |
Rome
Food and Agriculture Organization of the United Nations
2002
|
| Sujets: | |
| Tags: |
Ajouter un tag
Pas de tags, Soyez le premier à ajouter un tag!
|
| Thư viện lưu trữ: | Trung tâm Học liệu Trường Đại học Cần Thơ |
|---|
| LEADER | 00535nam a2200193Ia 4500 | ||
|---|---|---|---|
| 001 | CTU_102659 | ||
| 008 | 210402s9999 xx 000 0 und d | ||
| 020 | |c 41.61 | ||
| 082 | |a 631.47 | ||
| 082 | |b F686 | ||
| 110 | |a FAO | ||
| 245 | 0 | |a Training modues on conservation agriculture | |
| 245 | 0 | |c FAO | |
| 260 | |a Rome | ||
| 260 | |b Food and Agriculture Organization of the United Nations | ||
| 260 | |c 2002 | ||
| 650 | |a Soil conservation,Soil science | ||
| 904 | |i M.Loan | ||
| 980 | |a Trung tâm Học liệu Trường Đại học Cần Thơ | ||